| 000 | 00480nam a2200169Ia 4500 | ||
|---|---|---|---|
| 008 | 210719s1995 xx 000 0 und d | ||
| 020 | _a8120309642 | ||
| 041 | _aeng | ||
| 082 | _a321.80954 BASI | ||
| 100 | _aBASU (Durga Das) | ||
| 245 | _aIntroduction to the constitution of India. Ed 17. | ||
| 250 | _a17 | ||
| 260 |
_aNew Delhi. _bPrentice-Hall of India Private Limited _c1995 |
||
| 300 |
_axxii,487 _bPB |
||
| 365 |
_b95 _cRs |
||
| 650 | _aIndian Constitution & Government | ||
| 999 |
_c213604 _d213604 |
||